10 shortest borders in the world including overseas territories - Statistics

General Stats
  • This quiz has been taken 52 times
    43 since last reset
  • The average score is 4 of 10
Answer Stats
km countries % Correct
4.4 France Monaco
85%
39 Italy San Marino
79%
3.2 Italy Vatican City
76%
15.9 Morocco Spain
42%
19 North Korea Russia
33%
4.0 UK Cyprus
30%
34.9 Austria Liechtenstein
21%
25 Croatia Montenegro
15%
35 Armenia Iran
9%
9.9 Azerbaijan Turkey
6%
No matching quizzes found
Score Distribution
Percent of People with Each Score
Percentile by Number Answered
Your Score History
You have not taken this quiz since the last reset